El educador al servicio de la cultura de la solidaridad (Record no. 173)

MARC details
000 -LEADER
campo de control de longitud fija 01035nmm a2200337 a 4500
003 - IDENTIFICADOR DE NÚMERO DE CONTROL
campo de control AR-BaBNM
005 - FECHA Y HORA DE LA ÚLTIMA TRANSACCIÓN
campo de control 20251128202710.0
008 - DATOS DE LONGITUD FIJA--INFORMACIÓN GENERAL
campo de control de longitud fija 195020s1988 ||||||||||||||000 | spa||
040 ## - FUENTE DE CATALOGACIÓN
Centro/agencia transcriptor AR-BaBNM
245 10 - MENCIÓN DEL TÍTULO
Título El educador al servicio de la cultura de la solidaridad
Resto del título en el año Mariano 1988
260 ## - PUBLICACIÓN, DISTRIBUCIÓN, ETC.
Lugar de publicación, distribución, etc. Santiago de Chile
Nombre del editor, distribuidor, etc. Arzobispado de Santiago. Vicaría Episcopal para la Educación
Fecha de publicación, distribución, etc. 1988
300 0# - DESCRIPCIÓN FÍSICA
Extensión 194 p.
650 #4 - PUNTO DE ACCESO ADICIONAL DE MATERIA--TÉRMINO DE MATERIA
Término de materia o nombre geográfico como elemento de entrada EDUCACION RELIGIOSA
650 #4 - PUNTO DE ACCESO ADICIONAL DE MATERIA--TÉRMINO DE MATERIA
Término de materia o nombre geográfico como elemento de entrada VALORES CULTURALES
650 #4 - PUNTO DE ACCESO ADICIONAL DE MATERIA--TÉRMINO DE MATERIA
Término de materia o nombre geográfico como elemento de entrada FINALIDADES DE LA EDUCACION
650 #4 - PUNTO DE ACCESO ADICIONAL DE MATERIA--TÉRMINO DE MATERIA
Término de materia o nombre geográfico como elemento de entrada EDUCACION CRISTIANA
653 ## - TÉRMINO DE INDIZACIÓN--NO CONTROLADO
Término no controlado EDUCACION EN VALORES
700 1# - ENTRADA AGREGADA--NOMBRE PERSONAL
Nombre de persona Arnaiz, José M.
700 1# - ENTRADA AGREGADA--NOMBRE PERSONAL
Nombre de persona Fuentes C., Adolfo
700 1# - ENTRADA AGREGADA--NOMBRE PERSONAL
Nombre de persona García, Francisco
700 1# - ENTRADA AGREGADA--NOMBRE PERSONAL
Nombre de persona Huidobro M., Faustino
700 1# - ENTRADA AGREGADA--NOMBRE PERSONAL
Nombre de persona Isla F., José María
700 1# - ENTRADA AGREGADA--NOMBRE PERSONAL
Nombre de persona López H, Francisco
700 1# - ENTRADA AGREGADA--NOMBRE PERSONAL
Nombre de persona Miranda, Patricio
700 1# - ENTRADA AGREGADA--NOMBRE PERSONAL
Nombre de persona Moreno B., Ernesto
700 1# - ENTRADA AGREGADA--NOMBRE PERSONAL
Nombre de persona Sampedro N., Francisco
700 1# - ENTRADA AGREGADA--NOMBRE PERSONAL
Nombre de persona Valenzuela A., Teresita
700 1# - ENTRADA AGREGADA--NOMBRE PERSONAL
Nombre de persona Vergara D., Raúl
942 ## - ELEMENTOS DE ENTRADA SECUNDARIOS (KOHA)
Tipo de ítem Koha Libros
998 ## - INFORMACIÓN DE CONTROL LOCAL (RLIN)
Iniciales del catalogador, CIN (RLIN) me-solo cat
Holdings
Estatus retirado Estado de pérdida Fuente de la clasificación o esquema de estantería Estado de daño Restricciones de uso No para préstamo Biblioteca de origen Biblioteca actual Fecha de adquisición Total de préstamos Signatura topográfica completa Código de barras Visto por última vez Precio de reemplazo Tipo de ítem Koha
    Clasificación Decimal Dewey   Acceso restringido No para préstamo Liberty Liberty 28/11/2025   372.82 ARN 138640 28/11/2025 28/11/2025 Libros